000
00328nam a22001457a 4500
003
SGT
082
_a
610.734
_b
P13M
100
_a
MAHANAN, B.K.
245
_a
TB. OF PREVENTIVE AND SOCIAL MEDICINE
250
_a
4TH
260
_a
INDIA
_b
JAYPEE
_c
2013
300
_a
703
650
_a
COMMUNITY MEDICINE
942
_2
ddc
_c
BK
_0
1
999
_c
11146
_d
11146